| 000 | 00338nam a2200145Ia 4500 | ||
|---|---|---|---|
| 008 | 200103s9999||||xx |||||||||||||| ||und|| | ||
| 020 | _a9788129120212 | ||
| 040 | _aIMU-MPC | ||
| 082 | _aColumn-65 | ||
| 100 | _aBhagat, Chetan | ||
| 245 | 0 | _aWhat Young India Wants | |
| 260 |
_bRupa Company _c2012 |
||
| 300 | _axxvi, 181 | ||
| 942 | _cBK | ||
| 999 |
_c11521 _d11521 |
||